000 00873nas a2200313 4500
001 BR9213370
003 BR-BrBNA
005 20231205095253.0
007 ta
008 230509b bl.|||p| |||| 00| 00por d
040 _aBR-BrBNA
_bpor
_cBiblioteca Nacional de Agricultura
041 _a(Pt)
072 _aL73
100 1 _aRoeche, P.M.
100 1 _aCunha, A.C.
100 1 _aSalvo, E.O.
100 1 _aMartins, R.M.
100 1 _aRosa, J.C.A.
100 1 _aOliveira, L.G.
100 1 _aHoffmann, V.L.
245 1 _aRotavirus em suinos na regiao sul do Brasil
650 _aSUÍNO
650 _aVirus
650 _aRio Grande do Sul
650 _aSanta Catarina
773 0 _tPesquisa Veterinaria Brasileira (Brazil)
_xISSN 0100-736X
_g(Jul-Dec 1989), v. 9(3-4) p. 45-49
_wBR9213370
909 _a202311
_bLúcia
_c55
_dLúcia Elande
942 _2AGRIS
_n0
_cANA
999 _c149729
_d149729